| 000 | 00438nam a22001457a 4500 | ||
|---|---|---|---|
| 027 | _qHard Cover. | ||
| 040 | _cSINES-NUST. | ||
| 082 |
_a004 _bMal |
||
| 100 |
_aMirha Malik. _992052 |
||
| 245 |
_aFault Detection and Fault Isolation in Chemical Process System / _cMalik, Mirha |
||
| 260 |
_aIslamabad: _bSINES-NUST, _c2022. |
||
| 300 |
_a59 p. : _bill, ; _c30cm. |
||
| 650 | _2MS-Computational Science and Engineering. | ||
| 942 |
_2ddc _cTHE |
||
| 999 |
_c590146 _d590146 |
||